000
00297nam a22001337a 4500
008
170614b xxu||||| |||| 00| 0 eng d
020
_a
0316804363
041
_a
eng
080
_2
4 ED
_a
32
100
_a
19
101
_a
SHP
245
_a
PARTY POLITICS AMERICA
_c
SORAUF.P
942
_2
udc
_c
BK
999
_c
17331
_d
17331